| 000 | 00782nam a2200253 a 4500 | ||
|---|---|---|---|
| 001 | 000023277 | ||
| 005 | 20200930022115.0 | ||
| 008 | 101201s1994 pe r 000 0 spa d | ||
| 020 | _a8483896001 | ||
| 020 | _a8483896086 | ||
| 040 |
_aDO-SdBNP _bspa _cBNPHU |
||
| 082 |
_a926.185 _bC318D |
||
| 100 | 1 |
_aDeza Bringas, Luis _947932 |
|
| 245 | 1 | 0 |
_aDaniel A. Carrion / _cLuis Deza Bringas. |
| 260 |
_aLima, Perú : _bBrasa, _c1994. |
||
| 300 |
_a121 p. ; _c20 cm. |
||
| 490 | 1 |
_aForjadores del Perú ; _v8 |
|
| 500 | _aIncluye notas al pie de las páginas. | ||
| 500 | _aIncluye bibliografía. | ||
| 600 | 1 | 0 |
_aCARRIÓN GARCÍA, DANIEL ALCIDES, _d1857-1885 _947933 |
| 650 | 4 |
_aMédicos _zPerú _xBiografías _947934 |
|
| 830 | 0 |
_aForjadores del Perú ; _n8 _947935 |
|
| 049 | _aBNGR | ||
| 999 |
_c22774 _d22774 |
||